Retrato de la danza independiente en Chile : 1970-2000

La danza independiente en Chile comienza a forjarse a mediados de los años sesenta. Las autoras Gladys Alcaíno y Lorena Hurtado, plantean que este libro sobre esta disciplina no pretende alcanzar la definición de historia, ya que se concibe a sí mismo bajo la forma viva del retrato. Apoyan esta conc...

Full description

Bibliographic Details
Main Author: Alcaíno, Gladys 1965-
Other Authors: Hurtado, Lorena (autora)
Format: Libro
Language:Spanish
Published: Santiago, Chile : Ocho Libros, 2010.
Edition:Primera edición.
Subjects:
Online Access:

MARC

LEADER 00000cam a22000007a 4500
001 020357
003 UAHC_CL
005 20231011110006.0
008 131204s2010 cl 000 spa
020 |a 9789563350272 
035 |a ARTES 
040 |a UAHC_CL  |c UAHC_CL  |d UAHC_CL 
082 0 4 |a 792.80983  |b A346  |2 21 
100 1 |a Alcaíno, Gladys  |d 1965- 
245 1 0 |a Retrato de la danza independiente en Chile :  |b 1970-2000   |c Gladys Alcaíno, Lorena Hurtado. 
250 |a Primera edición. 
260 |a Santiago, Chile :  |b Ocho Libros,  |c 2010. 
300 |a 230 páginas :  |b fotografías. 
520 |a La danza independiente en Chile comienza a forjarse a mediados de los años sesenta. Las autoras Gladys Alcaíno y Lorena Hurtado, plantean que este libro sobre esta disciplina no pretende alcanzar la definición de historia, ya que se concibe a sí mismo bajo la forma viva del retrato. Apoyan esta concepción las innumerables entrevistas ofrecidas por las principales figuras de esta disciplina en Chile, complementada con una nutrida documentación de crónicas, imágenes y fotografías. 
650 4 |a Danza  |z Chile  |x Historia  |y Siglo 20 
650 0 |a Bailarines  |z Chile  |9 18871 
700 1 |a Hurtado, Lorena  |e autora 
900 |a 792.80983 ALC 
942 |c BK  |2 ddc 
952 |0 0  |1 0  |4 0  |6 792_809830000000000_ALC  |7 0  |8 COMP  |9 40856  |a BS  |b BS  |c General  |d 2017-08-03  |g 12600.00  |l 11  |m 12  |o 792.80983 ALC  |p 1411126  |r 2025-11-26 00:00:00  |s 2023-11-09  |t 1  |w 2017-08-03  |y BK  |B DAN 
952 |0 0  |1 0  |2 ddc  |4 0  |6 792_809830000000000_ALC  |7 0  |8 COMP  |9 40857  |a BS  |b BS  |c General  |d 2017-08-03  |g 12600.00  |l 9  |m 2  |o 792.80983 ALC  |p 1408081  |r 2025-11-26 00:00:00  |s 2022-11-23  |t 2  |w 2017-08-03  |x lIBRO UN POCO DESPEGADO DE LA SOLAPA. 23.8.18.PEA  |y BK  |B DAN 
952 |0 0  |1 0  |4 0  |6 792_809830000000000_ALC  |7 0  |8 COMP  |9 40858  |a BS  |b BS  |c General  |d 2017-08-03  |g 12600.00  |l 16  |m 16  |o 792.80983 ALC  |p 1408082  |r 2025-11-26 00:00:00  |s 2024-11-28  |t 3  |w 2017-08-03  |y BK  |B DAN 
952 |0 0  |1 0  |2 ddc  |4 0  |6 792_809830000000000_ALC  |7 0  |8 COMP  |9 98988  |a BS  |b BS  |c General  |d 2023-10-11  |e Donación  |g 12600.00  |l 4  |m 6  |o 792.80983 ALC  |p 1443947  |r 2025-11-26 00:00:00  |s 2025-06-10  |t 4  |w 2017-08-03  |y BK  |B DAN 
999 |c 20357  |d 20357